MATEMATICKO-GRAFICKÁ FORMALIZÁCIA ČINNOSTI RIADIACEHO OBVODU VÝHYBKY

Bibliographic Details
Main Authors: Ždánsky, Juraj (Author), Rástočný, Karol, 1958- (Author)
Format: Article
Language:Slovak

MARC

LEADER 00000nab a2200000ua 4500
001 vtls010772925
003 SK-MaSNL
005 20260303190420.0
008 230222s2004 xo |||||||||||||||||slo|
035 |a (urnnbn)urn:nbn:sk:snk:ar-a04hsj 
035 |a (uuid)d73ab142-4f84-468f-871c-e375ee62a768 
035 |a urn:nbn:sk:snk-ab4spy 
040 |a SNKBUCL  |b slo  |c SNKBUCL  |e AACR2 
041 0 |a slo 
044 |a xo  |c SK 
100 1 |a Ždánsky, Juraj  |4 aut  |9 417787 
245 1 0 |a MATEMATICKO-GRAFICKÁ FORMALIZÁCIA ČINNOSTI RIADIACEHO OBVODU VÝHYBKY  |c Juraj Ždánsky, Karol Rástočný 
700 1 |a Rástočný, Karol,  |d 1958-  |4 aut  |9 230879 
773 0 |t Advances in electrical and electronic engineering  |g Roč. 3, č. 4 (2004), s. 8-13 
954 |a odborná, vedecká literatúra pôvodná (slovenská)  |2 lita 
958 |a OND 
958 |a EUIPO 
958 |a article3 
999 |c 2136149  |d 2138079